000 00583nam a2200217Ia 4500
003 OSt
005 20221007063614.0
006 a|||||r|||| 00| 0
007 ta
008 221006b |||||||| |||| 00| 0 eng d
024 _a719
037 _cTextual
040 _aFLL
_cFLL
_beng
041 _2eng
_aeng
082 _aV2:25:9Z:881, L4;2
100 _aRay S.N.
245 0 _aJudicial Review and Fundamental Rights
260 _aCalcutta
_bEastern Law House India
_c1974
942 _hV2:25:9Z:881, L4;2
_cTEXL
_2CC
999 _c1131656
_d1131656